书目信息 |
| 题名: |
桩基优化设计与施工新技术
|
|
| 作者: | 顾国荣 , 桂业琨 , 张剑锋 主编 | |
| 分册: | ||
| 出版信息: | 北京 人民交通出版社 2011.02 |
|
| 页数: | 544页 | |
| 开本: | 26cm | |
| 丛书名: | ||
| 单 册: | ||
| 中图分类: | TU473.1 | |
| 科图分类: | ||
| 主题词: | 桩基础--zhuang ji chu--工程施工 , 桩基础--zhuang ji chu--设计 | |
| 电子资源: | ||
| ISBN: | 978-7-114-08364-8 | |
| 000 | 01320nam0 2200313 450 | |
| 001 | 296118 | |
| 005 | 20110722192306.09 | |
| 010 | @a978-7-114-08364-8@dCNY68.00 | |
| 100 | @a20110415d2011 km y0chiy50 ea | |
| 101 | 0 | @achi |
| 102 | @aCN@b110000 | |
| 105 | @aa a 000yy | |
| 106 | @ar | |
| 200 | 1 | @a桩基优化设计与施工新技术@Azhuang ji you hua she ji yu shi gong xin ji shu@d= Optimum design & new technology of pile engineering@f顾国荣, 张剑锋, 桂业琨主编@zeng |
| 210 | @a北京@c人民交通出版社@d2011.02 | |
| 215 | @a544页@c图@d26cm | |
| 320 | @a有书目 | |
| 330 | @a本书系统介绍了我国近年来桩基工程在勘察、设计、施工、测试方面的新工艺、新技术和新方法,在有限篇幅内力求体现桩基工程勘察、设计、施工、测试一体化思路,充分反映桩基工程的一体化发展趋势,其中桩基优化设计方法及其在工程中的成功应用是对传统设计思路的完善和补充。 | |
| 333 | @a可供从事桩基工程设计和施工的人员参考使用,亦可、供土建领域按术人员及大专院校师生参考使用 | |
| 510 | 1 | @aOptimum design & new technology of pile engineering@zeng |
| 586 | @a | |
| 606 | 0 | @a桩基础@Azhuang ji chu@x工程施工 |
| 606 | 0 | @a桩基础@Azhuang ji chu@x设计 |
| 690 | @aTU473.1@v5 | |
| 701 | 0 | @a顾国荣@Agu guo rong@4主编 |
| 701 | 0 | @a桂业琨@Agui ye kun@4主编 |
| 701 | 0 | @a张剑锋@Azhang jian feng@4主编 |
| 801 | 0 | @aCN@c20110610 |
| 905 | @dTU473.1@eG497 | |
| 桩基优化设计与施工新技术= Optimum design & new technology of pile engineering/顾国荣, 张剑锋, 桂业琨主编.-北京:人民交通出版社,2011.02 |
| 544页:图;26cm |
| 使用对象:可供从事桩基工程设计和施工的人员参考使用,亦可、供土建领域按术人员及大专院校师生参考使用 |
| ISBN 978-7-114-08364-8:CNY68.00 |
| 本书系统介绍了我国近年来桩基工程在勘察、设计、施工、测试方面的新工艺、新技术和新方法,在有限篇幅内力求体现桩基工程勘察、设计、施工、测试一体化思路,充分反映桩基工程的一体化发展趋势,其中桩基优化设计方法及其在工程中的成功应用是对传统设计思路的完善和补充。 |
| ● |
| 相关链接 |
|
|
|
正题名:桩基优化设计与施工新技术
索取号:TU473.1/G497
 
预约/预借
| 序号 | 登录号 | 条形码 | 馆藏地/架位号 | 状态 | 备注 |
| 1 | 887681 | 208876812 | 建筑库101/101建筑库 98排2列4层/ [索取号:TU473.1/G497] | 在馆 | |
| 2 | 887682 | 208876821 | 建筑库101/101建筑库 98排2列4层/ [索取号:TU473.1/G497] | 在馆 | |
| 3 | 887683 | 208876830 | 土木与交通工程学院资料室/土木与交通学院资料室 1排1列1层/ [索取号:TU473.1/G497] | 在馆 | |
| 4 | 887684 | 208876849 | 建筑库101/101建筑库 98排2列4层/ [索取号:TU473.1/G497] | 在馆 | |
| 5 | 887685 | 208876858 | 土木与交通工程学院资料室/土木与交通学院资料室 1排1列1层/ [索取号:TU473.1/G497] | 在馆 |